00281nam a2200097Ia 4500001000800000005001700008008004100025020001800066245008000084260001900164127734720260417160505.0260417s9999 xx 000 0 und d a9772149467977 0aZehir Gibi Kafalar Dokunmatik Ekranlar Neden GıdıklanmazcFederico Taddia bKetebe Çocuk